Cicle de conferències organitzat per l'Associació d'Amics de l'Institut-Escola a l'Ateneu Barcelonés, febrer-març 1982
Descripción Física:
87 p. : il. ; 23 cm
Materias:
Pedagogia -- Congressos
MARC
| LEADER | 00000nam a2200000Ia 4500 | ||
|---|---|---|---|
| 001 | 601 | ||
| 003 | BGR | ||
| 005 | 20260324175248.0 | ||
| 008 | 160829s1982 xx 000 0 cat d | ||
| 080 | |a E-1-88 | ||
| 245 | |a Cicle de conferències organitzat per l'Associació d'Amics de l'Institut-Escola a l'Ateneu Barcelonés, febrer-març 1982 | ||
| 260 | |a Barcelona : |b Generalitat de Catalunya. Departament d'Ensenyament, |c 1982 | ||
| 300 | |a 87 p. : |b il. ; |c 23 cm | ||
| 590 | |a Abans del títol: Commemoració del 50è aniversari de l'Institut-Escola. | ||
| 650 | |a Pedagogia |x Congressos |9 21255 | ||
| 710 | |a Catalunya. |b Departament d'Ensenyament |9 52899 | ||
| 710 | 2 | |a Associació d'Amics de l'Institut-Escola |9 70374 | |
| 901 | |a Arxiu | ||
| 942 | |n 1 |2 udc |c MON | ||
| 952 | |0 0 |1 0 |4 0 |6 E188 |7 1 |9 42829 |a Arxiu |b Arxiu |d 2016-12-01 |l 0 |o E-1-88 |p 601 |r 2016-12-01 00:00:00 |w 2016-12-01 |y ARXIU | ||
| 999 | |c 45335 |d 45335 | ||